Report of the panel on land administration. (Record no. 85269)

MARC details
000 -LEADER
fixed length control field 00662cam a2200217 4500
001 - CONTROL NUMBER
control field sa 68013698
003 - CONTROL NUMBER IDENTIFIER
control field DLC
005 - DATE AND TIME OF LATEST TRANSACTION
control field 20260227112624.0
008 - FIXED-LENGTH DATA ELEMENTS--GENERAL INFORMATION
fixed length control field 691210s1964 ii 000 0 eng
010 ## - LIBRARY OF CONGRESS CONTROL NUMBER
LC control number sa 68013698
025 ## - OVERSEAS ACQUISITION NUMBER
Overseas acquisition number PL480:I-E-10771
040 ## - CATALOGING SOURCE
Original cataloging agency DLC
Transcribing agency DLC
Modifying agency DLC
050 00 - LIBRARY OF CONGRESS CALL NUMBER
Classification number HD879.M444
Item number A5
082 00 - DEWEY DECIMAL CLASSIFICATION NUMBER
Classification number 354.54/792/00823
110 1# - MAIN ENTRY--CORPORATE NAME
Corporate name or jurisdiction name as entry element Maharashtra, India (State).
Subordinate unit Panel on Land Administration, Land Records, Land Acquisition and Land Reforms.
245 00 - TITLE STATEMENT
Title Report of the panel on land administration.
260 ## - PUBLICATION, DISTRIBUTION, ETC.
Place of publication, distribution, etc. [Bombay?
Date of publication, distribution, etc. 1964?]
300 ## - PHYSICAL DESCRIPTION
Extent 27 p.
Dimensions 31 cm.
500 ## - GENERAL NOTE
General note Cover title.
650 #0 - SUBJECT ADDED ENTRY--TOPICAL TERM
Topical term or geographic name entry element Land use
Geographic subdivision India
-- Maharashtra (State)

No items available.

Powered by Koha